| 000 | 00407cam a2200169ua 4500 | ||
|---|---|---|---|
| 020 | _c1.25 | ||
| 041 |
_ahin _h |
||
| 082 |
_a891.54 _bBHA/JN |
||
| 100 | _aBhandari, C.S. | ||
| 245 |
_aJnan ki kahaniyam Part.II / _cC.S Bhandari. _hTextual Documents |
||
| 260 |
_a : _bHindi Pracharak Pustkalay , _c1966. |
||
| 300 | _a32 ; . | ||
| 365 | _a1.25 | ||
| 504 | _a | ||
| 942 | _cBK | ||
| 999 |
_c8172 _d8172 |
||